Taking the initiative (Record no. 64281)

MARC details
000 -LEADER
fixed length control field 00809cam a2200241 4500
001 - CONTROL NUMBER
control field ABS62613
008 - FIXED-LENGTH DATA ELEMENTS--GENERAL INFORMATION
fixed length control field 000000n2000 000 0 eng u
035 ## - SYSTEM CONTROL NUMBER
System control number (Sirsi) u107550
100 ## - MAIN ENTRY--PERSONAL NAME
Personal name Meredith, S.
245 ## - TITLE STATEMENT
Title Taking the initiative
260 ## - PUBLICATION, DISTRIBUTION, ETC.
Date of publication, distribution, etc. 2000
490 ## - SERIES STATEMENT
Series statement Estates Gazette
Volume/sequential designation (0026) 1 July 2000, 144(1)
520 ## - SUMMARY, ETC.
Summary, etc. Explores the growing significance of Private Finance Initiative schemes, and considers their intended value. Covers PFI structures, the role of tax in PFI projects and Treasury taskforce guidelines.
590 ## - LOCAL NOTE (RLIN)
Local note ABS
650 ## - SUBJECT ADDED ENTRY--TOPICAL TERM
Topical term or geographic name entry element PFI PROJECTS
650 ## - SUBJECT ADDED ENTRY--TOPICAL TERM
Topical term or geographic name entry element RISK
650 ## - SUBJECT ADDED ENTRY--TOPICAL TERM
Topical term or geographic name entry element TREASURY TASKFORCE
650 ## - SUBJECT ADDED ENTRY--TOPICAL TERM
Topical term or geographic name entry element CAPITAL PROJECTS
650 ## - SUBJECT ADDED ENTRY--TOPICAL TERM
Topical term or geographic name entry element VALUE FOR MONEY
690 ## - LOCAL SUBJECT ADDED ENTRY--TOPICAL TERM (OCLC, RLIN)
Topical term or geographic name as entry element MANAGEMENT-BUSINESS MANAGEMENT-FINANCIAL MANAGEMENT
700 ## - ADDED ENTRY--PERSONAL NAME
Personal name Elphicke, C.
942 ## - ADDED ENTRY ELEMENTS (KOHA)
Suppress in OPAC 0
Holdings
Withdrawn status Lost status Source of classification or shelving scheme Damaged status Not for loan Home library Current library Shelving location Date acquired Total Checkouts Full call number Barcode Date last seen Copy number Price effective from Koha item type
    Dewey Decimal Classification     London London Journal article 04/08/2000   ABS62613 107550-1001 06/08/2019 1 06/08/2019 Journal article